|
|
|
|
| LEADER |
00000cam a2200000 4500 |
| 001 |
000074489 |
| 003 |
OCoLC |
| 005 |
20060604011812.0 |
| 008 |
031120s1952 ilu b 000-0 eng d |
| 010 |
|
|
|a 55010328
|
| 020 |
|
|
|a 0852291639
|
| 040 |
|
|
|a MGJ
|c MGJ
|d OCLCQ
|d SPB
|d OCLCQ
|
| 050 |
|
4 |
|a AC1
|b G7.2 v.20
|
| 082 |
0 |
0 |
|a 230
|a Aq55Ht
|
| 090 |
|
|
|a AC1
|b G7.2 v.20
|
| 099 |
|
|
|a AC1
|a .G72 v. 20
|
| 100 |
1 |
|
|a Tomás,
|d 1225?-1274
|c de Aquino, Santo,
|
| 240 |
1 |
0 |
|a Summa theologica.
|l English
|
| 245 |
1 |
4 |
|a The Summa theologica of Saint Thomas Aquinas /
|c translated by fathers of the English Dominican Province ; rev. by Daniel J. Sullivan.
|
| 260 |
|
|
|a Chicago :
|b Encyclopaedia Britannica,
|c [c1952].
|
| 300 |
|
|
|a 1 v. ;
|c 24 cm.
|
| 440 |
|
0 |
|a Great books of the Western World ;
|v v. 20
|
| 504 |
|
|
|a Includes bibliographical references.
|
| 505 |
0 |
|
|a Vol. I. First part (complete). I. Treatise on God -- II. Treatise on the Trinity -- III. Treatise on the Creation -- IV. Treatise on the Angels -- V. Treastise on the work of the six days -- VI. Treatise on man -- VII. Treatise on the divine government -- Second part (complete). I. Treatise on the last end -- II. Treatise on human acts -- Vol. II. Part I of the second part (continued). III. Treatise on Habits -- IV. Treatise on law --
|
| 505 |
0 |
|
|a V. Treatise on grace -- Part II of the second part. I. Treatise on faith, hope and charity -- II. Treatise on active and contemplative life -- III. Treatise on the states of life -- Third part. I. Treatise on the Incarnation -- II. Treatise on the sacraments -- Supplement to the third part. I. Treatise on the Resurrection -- II. Treatise on the Last Things.
|
| 610 |
2 |
0 |
|a Catholic Church
|x Doctrinal and controversial works.
|
| 610 |
2 |
0 |
|a Dominicans.
|b English Province.
|
| 650 |
|
4 |
|a Teología.
|
| 650 |
|
4 |
|a Teología dogmática
|
| 700 |
0 |
|
|a Thomas,
|c Aquinas, Saint,
|d 1225?-1274.
|
| 700 |
1 |
|
|a Sullivan, Daniel J.
|q (Daniel James),
|d 1909-
|
| 905 |
|
|
|a LIBROS
|
| 949 |
|
|
|a Biblioteca UAM Iztapalapa
|b Colección General
|c AC1 G7.2 v.20
|